| 000 | 00661nam a2200241 a 4500 | ||
|---|---|---|---|
| 005 | 20140310183306.0 | ||
| 008 | 050802s19uu xx 00 eng d | ||
| 020 | _a0130423637 | ||
| 050 |
_aQA 76.9.S88 _b.H6197 2004 |
||
| 100 | _aHoffer, Jeffrey A. | ||
| 245 |
_aModern systems analysis and design / _cJeffrey A. Hoffer |
||
| 250 | _a3rd ed. | ||
| 260 |
_aSingapore : _bPearson Eucation Asia, _c2004. |
||
| 300 |
_a733 p. : _bill. ; _c26 cm. |
||
| 521 | _aIT | ||
| 650 | _aSystem design. | ||
| 650 | _aSystem analysis. | ||
| 700 | _aGeorge, Joey F. | ||
| 700 | _aValacich, Joseph S. | ||
| 942 |
_cBK _2lcc _kFOR |
||
| 999 |
_c21076 _d21076 |
||